[Event "Turkish Cup 2016"]
[Site "Manavgat TUR"]
[Date "2016.01.30"]
[Round "1.24"]
[White "Gultekin, Celal"]
[Black "Yaran, Siar"]
[Result "0-1"]
[BlackTitle "CM"]
[WhiteElo "1655"]
[BlackElo "2195"]
[WhiteTeam "SANLIURFA"]
[BlackTeam "KAHRAMANMARAS"]
[WhiteFideId "34559795"]
[BlackFideId "6323006"]
[EventDate "2016.01.30"]

1. c4 e5 2. Nc3 Nf6 3. e3 Bb4 4. d4 Nc6 5. d5 Ne7 6. Bd2 O-O 7. Nge2 c6 8. e4 b5
9. Qb3 Bc5 10. f3 Qb6 11. cxb5 Bf2+ 12. Kd1 cxd5 13. exd5 Bb7 14. a4 a5 15. Ng3
Nexd5 16. Nce4 Bxg3 17. Nxg3 Nf4 18. Qe3 Qe6 19. Ne4 Nxe4 20. fxe4 d5 21. exd5
Bxd5 22. Rg1 Rfd8 23. g3 Nh3 24. Bg2 Nxg1 25. Qxg1 Rac8 26. Bxd5 Qxd5 27. Qe3
Qh1+ 28. Qe1 Qf3+ 29. Qe2 Rxd2+ 30. Kxd2 Rc2+ 31. Kxc2 Qxe2+ 32. Kc3 e4 33. Kd4
Qxb2+ 0-1

[Event "Turkish Cup 2016"]
[Site "Manavgat TUR"]
[Date "2016.01.30"]
[Round "1.25"]
[White "Marasli, Tutku Kahraman"]
[Black "Borekcioglu, Zeynep Dilara"]
[Result "1-0"]
[WhiteElo "2145"]
[BlackElo "1713"]
[WhiteTeam "KAYSERI"]
[BlackTeam "CANAKKALE"]
[WhiteFideId "6307493"]
[BlackFideId "6312233"]
[EventDate "2016.01.30"]

1. e4 c5 2. Nf3 Nc6 3. d4 cxd4 4. Nxd4 g6 5. Nc3 Bg7 6. Be3 Nf6 7. Be2 O-O 8.
Nb3 d6 9. f4 Be6 10. g4 Qc8 11. f5 Bd7 12. h4 d5 13. exd5 Ne5 14. g5 Ne8 15.
fxg6 fxg6 16. Qd2 Nc4 17. Bxc4 Qxc4 18. O-O-O Nd6 19. Bd4 Nf5 20. Bxg7 Kxg7 21.
Nd4 Rac8 22. Rhe1 Rfe8 23. Nxf5+ Bxf5 24. Qd4+ Qxd4 25. Rxd4 Kf7 26. Re2 a6 27.
Ne4 Rcd8 28. Nc5 Rb8 29. Rb4 Rec8 30. Rxb7 Rxb7 31. Nxb7 Rc4 32. d6 Rd4 33. dxe7 1-0

[Event "Turkish Cup 2016"]
[Site "Manavgat TUR"]
[Date "2016.01.30"]
[Round "1.26"]
[White "Uysal, Ilyas"]
[Black "Karagollu, Ahmet"]
[Result "0-1"]
[WhiteElo "1752"]
[BlackElo "2113"]
[WhiteTeam "AFYONKARAHISAR"]
[BlackTeam "IZMIR"]
[WhiteFideId "6388590"]
[BlackFideId "6307825"]
[EventDate "2016.01.30"]

1. Nf3 Nf6 2. d4 g6 3. g3 Bg7 4. Bg2 O-O 5. O-O d6 6. b3 a6 7. Bb2 Nbd7 8. c4 c5
9. Nc3 Rb8 10. a4 Re8 11. d5 Ne4 12. Qc2 Nxc3 13. Bxc3 Bxc3 14. Qxc3 b5 15. axb5
axb5 16. h4 bxc4 17. bxc4 Qb6 18. Bh3 Nf6 19. Bxc8 Rexc8 20. Nd2 Qb2 21. Qd3 Ng4
22. Ra7 Rb7 23. Rxb7 Qxb7 24. Rb1 Qd7 25. Rb5 Ra8 26. Qb1 Qf5 27. Rb8+ Rxb8 28.
Qxb8+ Kg7 29. Qb2+ f6 30. Nf3 Kf7 31. Qb8 Kg7 32. Qb2 h6 33. Kg2 Qe4 34. Qa2 Ne5
35. Qb3 Nxc4 36. Qd3 Qxd3 37. exd3 Nb6 38. Ne1 Nxd5 39. Kf3 f5 40. Nc2 Nb4 41.
Ne1 e5 42. Ke3 Kf6 43. Nf3 Nxd3 0-1

[Event "Turkish Cup 2016"]
[Site "Manavgat TUR"]
[Date "2016.01.30"]
[Round "1.27"]
[White "Ererdem, Gani Eren"]
[Black "Alpaslan, Ayhan"]
[Result "1-0"]
[WhiteElo "2152"]
[BlackElo "1750"]
[WhiteTeam "KARAMAN"]
[BlackTeam "VAN"]
[WhiteFideId "6310915"]
[BlackFideId "6366287"]
[EventDate "2016.01.30"]

1. d4 Nf6 2. Nf3 g6 3. c4 d5 4. cxd5 Nxd5 5. g3 Bg7 6. Bg2 O-O 7. O-O Nc6 8. Nc3
Nxc3 9. bxc3 Bf5 10. Nh4 Qd7 11. Nxf5 Qxf5 12. Qb3 Rab8 13. e4 Qd7 14. Rd1 Na5
15. Qc2 Nc4 16. Bf1 Nd6 17. Be3 b6 18. Rac1 Qg4 19. e5 Nf5 20. Bf4 Nh6 21. Qd2
Qh5 22. Be2 Qh3 23. Bf1 Qh5 24. Kg2 g5 25. Bxg5 f5 26. Be2 Qg6 27. Bxe7 Rfe8 28.
Bg5 Nf7 29. Bf4 Rbd8 30. Qe3 Nd6 31. Bf3 Nc4 32. Qe2 Na5 33. Bh5 Qc6+ 34. d5 Qc4
35. Qxc4 Nxc4 36. Bxe8 Rxe8 37. d6 1-0

[Event "Turkish Cup 2016"]
[Site "Manavgat TUR"]
[Date "2016.01.30"]
[Round "1.28"]
[White "Dolgun, Can"]
[Black "Kucuksari, Kaan"]
[Result "1-0"]
[WhiteElo "1750"]
[BlackElo "2200"]
[WhiteTeam "ANKARA"]
[BlackTeam "ANTALYA"]
[WhiteFideId "34533273"]
[BlackFideId "6380166"]
[EventDate "2016.01.30"]

1. e4 c6 2. d4 d5 3. Nc3 dxe4 4. Nxe4 Bf5 5. Ng3 Bg6 6. Nf3 Nd7 7. Bd3 Bxd3 8.
Qxd3 e6 9. O-O Ngf6 10. Re1 Be7 11. c4 O-O 12. Bf4 Re8 13. Rad1 Qa5 14. a3 b5
15. b3 Rad8 16. Qc2 Qa6 17. h3 h6 18. a4 bxa4 19. bxa4 Rc8 20. Ne5 Red8 21. Qe2
Bb4 22. Nxf7 Kxf7 23. Qxe6+ Kg6 24. Qf5+ Kf7 25. Qe6+ Kf8 26. c5 Nxc5 27. Bd6+
Rxd6 28. Qxd6+ Kg8 29. dxc5 Bxe1 30. Rxe1 Rf8 31. Nf5 Qxa4 32. Ne7+ Kh7 33. Qd3+
Kh8 34. Ng6+ Kg8 35. Nxf8 Kxf8 36. Qd8+ Kf7 37. Re7+ Kg6 38. Qd3+ Kh5 39. Qf5+ 1-0

[Event "Turkish Cup 2016"]
[Site "Manavgat TUR"]
[Date "2016.01.30"]
[Round "1.29"]
[White "Sevgi, Volkan"]
[Black "Bugdayci, Mustafa"]
[Result "1-0"]
[WhiteTitle "FM"]
[WhiteElo "2197"]
[BlackElo "1682"]
[WhiteTeam "MERSIN"]
[BlackTeam "YALOVA"]
[WhiteFideId "6325335"]
[BlackFideId "6378234"]
[EventDate "2016.01.30"]

1. e4 c5 2. Nc3 g6 3. g3 Bg7 4. Bg2 Nc6 5. d3 d6 6. Be3 Nf6 7. h3 O-O 8. Nge2
Bd7 9. O-O Re8 10. f4 Rc8 11. Qd2 Qa5 12. f5 Ne5 13. g4 Bc6 14. a3 c4 15. d4
Ned7 16. Ng3 Nf8 17. g5 N6d7 18. h4 f6 19. h5 fxg5 20. fxg6 h6 21. Rf7 Nf6 22.
Rxg7+ Kxg7 23. Nf5+ Kg8 24. Nxh6+ Kh8 25. d5 Nxh5 26. Bd4+ Nf6 27. Qxg5 Nd7 28.
Bh3 Ne5 29. g7+ 1-0

[Event "Turkish Cup 2016"]
[Site "Manavgat TUR"]
[Date "2016.01.30"]
[Round "1.30"]
[White "Celik, Eda"]
[Black "Donmez, Yusuf"]
[Result "0-1"]
[WhiteElo "1686"]
[BlackElo "2071"]
[WhiteTeam "IZMIR"]
[BlackTeam "KARAMAN"]
[WhiteFideId "6351727"]
[BlackFideId "6301967"]
[EventDate "2016.01.30"]

1. e4 d6 2. d4 Nf6 3. Nc3 g6 4. g3 Bg7 5. Bg2 O-O 6. Nge2 c6 7. O-O e5 8. a4 Na6
9. h3 Nb4 10. a5 exd4 11. Nxd4 d5 12. e5 Ne4 13. Nxe4 dxe4 14. Bxe4 Bxe5 15. Nf3
Bg7 16. c3 Na6 17. Kh2 Be6 18. Be3 Bc4 19. Re1 Qc8 20. Qa4 Be6 21. Ng5 Bd7 22.
Bg2 h6 23. Ne4 c5 24. Qc2 Bc6 25. Nd6 Qd7 26. Bxc6 Qxc6 27. Bf4 g5 28. Nf5 Rfe8
29. Nxg7 Kxg7 30. Be3 Qf3 31. Rad1 Re6 32. Rd3 Qf5 33. Qd2 Rae8 34. g4 Qe5+ 35.
f4 Qb8 36. Rf1 gxf4 37. Rxf4 Rxe3 0-1

[Event "Turkish Cup 2016"]
[Site "Manavgat TUR"]
[Date "2016.01.30"]
[Round "1.31"]
[White "Metin, Oguz"]
[Black "Mangal, Ali"]
[Result "1-0"]
[WhiteElo "2134"]
[BlackElo "1718"]
[WhiteTeam "BURDUR"]
[BlackTeam "SIIRT"]
[WhiteFideId "6307850"]
[BlackFideId "34504915"]
[EventDate "2016.01.30"]

1. d4 d5 2. c4 e6 3. Nf3 Nf6 4. Nc3 Nbd7 5. cxd5 exd5 6. Bg5 Be7 7. e3 O-O 8.
Bd3 h6 9. Bh4 c5 10. O-O b6 11. Bb5 Bb7 12. dxc5 bxc5 13. Qd3 a6 14. Ba4 c4 15.
Qd4 Rc8 16. Rfd1 Nc5 17. Bc2 Ne6 18. Qe5 Re8 19. Rd2 Ng4 20. Qg3 Bxh4 21. Nxh4
Nf6 22. Nf5 Kh8 23. Nd6 Qe7 24. Nxc8 Rxc8 25. Qe5 Re8 26. Rad1 Qb4 27. h3 Ng5
28. Qf5 Bc8 29. Qf4 Bxh3 30. Nxd5 Nxd5 31. Rxd5 Be6 32. Rd8 Qe7 33. Rxe8+ Qxe8
34. Qc7 1-0

[Event "Turkish Cup 2016"]
[Site "Manavgat TUR"]
[Date "2016.01.30"]
[Round "1.32"]
[White "Bapoglu, Ibrahim"]
[Black "Mecit, Emre"]
[Result "0-1"]
[WhiteElo "1633"]
[BlackElo "2092"]
[WhiteTeam "ISTANBUL"]
[BlackTeam "YALOVA"]
[WhiteFideId "6303072"]
[BlackFideId "6304214"]
[EventDate "2016.01.30"]

1. e4 c6 2. d4 d5 3. exd5 cxd5 4. Bd3 Nc6 5. c3 Qc7 6. Ne2 Nf6 7. Bf4 Qb6 8. Qb3
e6 9. Qxb6 axb6 10. Nd2 Kd8 11. Nf3 Nh5 12. Bd2 Bd6 13. O-O h6 14. Rfe1 Bd7 15.
Ng3 Nxg3 16. hxg3 g5 17. Bb5 f6 18. a4 Na5 19. Bxd7 Kxd7 20. b4 Nc4 21. Re2 h5
22. Be1 Rh7 23. Nd2 Nxd2 24. Rxd2 g4 25. Rda2 h4 26. gxh4 Rxh4 27. a5 bxa5 28.
Rxa5 Rah8 29. Kf1 Rh1+ 30. Ke2 R8h2 31. Bd2 Rxa1 32. Rxa1 Rxg2 33. Rf1 g3 34.
Kf3 Rxf2+ 35. Rxf2 gxf2 36. Kxf2 Kc6 37. Ke2 Kb5 38. Kd3 Bg3 39. Bh6 e5 40. dxe5
fxe5 41. Bg7 Bh2 42. Bf6 e4+ 43. Kd4 Kc6 44. c4 Bg1+ 45. Kc3 dxc4 46. Kxc4 b5+
47. Kc3 Kd5 48. Be7 Bd4+ 49. Kb3 e3 50. Kc2 Ke4 51. Bh4 e2 52. Be1 Kf3 53. Kd3
Be3 54. Kc2 Kg2 55. Kd3 Kf1 56. Bc3 Bf2 57. Ke4 Be1 58. Bf6 Bxb4 59. Bh4 e1=Q+ 0-1

[Event "Turkish Cup 2016"]
[Site "Manavgat TUR"]
[Date "2016.01.30"]
[Round "1.33"]
[White "Zor, Alber Kadir"]
[Black "Mataraci, Omer Baransel"]
[Result "1-0"]
[WhiteElo "2134"]
[BlackElo "1658"]
[WhiteTeam "ANKARA"]
[BlackTeam "ELAZIG"]
[WhiteFideId "6353169"]
[BlackFideId "6327451"]
[EventDate "2016.01.30"]

1. e4 c5 2. Nf3 d6 3. Bb5+ Bd7 4. Bxd7+ Nxd7 5. O-O Ngf6 6. Qe2 g6 7. c3 Bg7 8.
d4 cxd4 9. cxd4 O-O 10. Nc3 e6 11. Bf4 Ne8 12. Rfd1 a6 13. a4 Qe7 14. Rac1 h6
15. h4 Kh7 16. g3 f6 17. Bd2 Rf7 18. d5 e5 19. h5 g5 20. g4 a5 21. Be3 Bf8 22.
Nb5 b6 23. Rc6 Nc5 24. Bxc5 bxc5 25. Nd2 Qb7 26. Nc4 Ra6 27. Ncxd6 Bxd6 28. Nxd6
Rxc6 29. dxc6 Qe7 1-0

[Event "Turkish Cup 2016"]
[Site "Manavgat TUR"]
[Date "2016.01.30"]
[Round "1.34"]
[White "Tepeli, Huseyin"]
[Black "Camci, Ali Ammar"]
[Result "0-1"]
[WhiteElo "1686"]
[BlackElo "2074"]
[WhiteTeam "ISTANBUL"]
[BlackTeam "SAKARYA"]
[WhiteFideId "6302807"]
[BlackFideId "6305130"]
[EventDate "2016.01.30"]

1. e4 e5 2. Nf3 Nc6 3. c3 d5 4. Bb5 dxe4 5. Nxe5 Qd5 6. Qa4 Ne7 7. Nxc6 Nxc6 8.
Bxc6+ bxc6 9. O-O Bd6 10. Re1 O-O 11. Qxe4 Qxe4 12. Rxe4 Bf5 13. Re3 Bf4 14. d4
Bxe3 15. Bxe3 a5 16. b3 Bxb1 17. Rxb1 f6 18. g3 g5 19. f4 h6 20. Kf2 Kf7 21. Kf3
Ke6 22. g4 a4 23. f5+ Kd6 24. c4 axb3 25. axb3 Rfb8 26. Ke4 Ra3 27. c5+ Kd7 28.
d5 Rbxb3 29. Rxb3 Rxb3 30. dxc6+ Kxc6 31. Bd4 Rb4 32. h3 Kb5 33. Kd3 Rb3+ 34.
Ke4 Rxh3 35. Bxf6 Kxc5 36. Bg7 Kd6 37. Bf8+ Kd7 38. f6 Ke6 39. Kd4 0-1

[Event "Turkish Cup 2016"]
[Site "Manavgat TUR"]
[Date "2016.01.30"]
[Round "1.35"]
[White "Sari, Yasin"]
[Black "Bugdayci, Sinan"]
[Result "1-0"]
[WhiteElo "2088"]
[BlackElo "1610"]
[WhiteTeam "ANTALYA"]
[BlackTeam "ZONGULDAK"]
[WhiteFideId "6320902"]
[BlackFideId "6378242"]
[EventDate "2016.01.30"]

1. e4 e6 2. d3 d5 3. Nd2 Bb4 4. c3 Be7 5. g3 Nf6 6. Ngf3 c5 7. Bg2 Nc6 8. O-O
O-O 9. Re1 b5 10. e5 Nd7 11. Nf1 Qb6 12. h4 Ba6 13. h5 h6 14. N1h2 Nd8 15. Ng4
f5 16. exf6 Nxf6 17. Nfe5 Bc8 18. Ng6 Re8 19. Nxe7+ Rxe7 20. Nxf6+ gxf6 21. Bxd5
exd5 22. Rxe7 Nf7 23. Re8+ Kh7 24. Bf4 Ng5 25. Bxg5 hxg5 26. Qe2 Bb7 27. Qe7+
Kh6 28. Qf7 f5 29. Re6+ Qxe6 30. Qxe6+ Kxh5 31. Kg2 d4+ 32. f3 Bxf3+ 33. Kxf3
g4+ 34. Kf4 1-0

[Event "Turkish Cup 2016"]
[Site "Manavgat TUR"]
[Date "2016.01.30"]
[Round "1.36"]
[White "Aydin, Muhammed Bugrahan"]
[Black "Ozalp, Burak"]
[Result "0-1"]
[WhiteElo "1449"]
[BlackElo "2131"]
[WhiteTeam "USAK"]
[BlackTeam "ANKARA"]
[WhiteFideId "6348106"]
[BlackFideId "6314210"]
[EventDate "2016.01.30"]

1. e4 g6 2. d4 Bg7 3. Nc3 d6 4. Nf3 a6 5. Bc4 Nf6 6. h3 O-O 7. Be3 b5 8. Bb3 Bb7
9. e5 Ne4 10. Nxe4 Bxe4 11. O-O e6 12. Ng5 Bb7 13. d5 exd5 14. e6 Qf6 15. Bxd5
c6 16. exf7+ Kh8 17. Re1 cxd5 18. Bd4 Qxg5 19. Re8 Nc6 20. Bxg7+ Kxg7 21. Rxf8 0-1

[Event "Turkish Cup 2016"]
[Site "Manavgat TUR"]
[Date "2016.01.30"]
[Round "1.37"]
[White "Ozen, Deniz"]
[Black "Unal, Yusuf Evcim"]
[Result "1-0"]
[WhiteTitle "FM"]
[WhiteElo "2061"]
[BlackElo "1632"]
[WhiteTeam "IZMIR"]
[BlackTeam "HATAY"]
[WhiteFideId "6349196"]
[BlackFideId "6346839"]
[EventDate "2016.01.30"]

1. e4 c5 2. Nf3 Nc6 3. Bb5 g6 4. Bxc6 dxc6 5. h3 Bg7 6. d3 Nf6 7. Nc3 O-O 8. Bf4
b6 9. Qd2 Bb7 10. O-O Qd7 11. Rad1 Rad8 12. a3 Ne8 13. b4 cxb4 14. axb4 c5 15.
bxc5 Rc8 16. Be3 bxc5 17. Bh6 Nd6 18. Ra1 a6 19. Bxg7 Kxg7 20. Ne2 Rfd8 21. Ng3
f6 22. Rfb1 Rc7 23. Qe3 e5 24. Nh2 c4 25. Ng4 Nf7 26. dxc4 h5 27. Nh2 h4 28.
Ngf1 Rxc4 29. Qb3 Nd6 30. Rd1 Qc7 31. Ne3 Rxe4 32. Rab1 Rd4 33. c3 Rxd1+ 34.
Rxd1 Rc8 35. Rxd6 Qxd6 36. Qxb7+ Rc7 37. Qb3 Qd3 38. Qb6 Qxc3 39. Qxa6 Qe1+ 40.
Nhf1 Qc1 41. Qa4 g5 42. Nf5+ Kg6 43. Ne3 Qc6 44. Qg4 Qd7 45. Qe4+ Kg7 46. Nf5+
Kf8 47. Qa8+ Rc8 48. Qa3+ Kf7 49. Nd6+ Kg6 50. Nxc8 Qxc8 51. Qd3+ Kh6 52. Ne3 e4
53. Qxe4 Qc1+ 54. Kh2 Qc7+ 55. Kg1 Qc1+ 56. Nf1 Qc7 57. Qf5 Kg7 58. Qb5 Qc1 59.
Qb7+ Kg6 60. Qe4+ Kg7 61. Qe7+ Kg6 62. Qf8 Qc7 63. Qg8+ Kh6 64. g4 hxg3 65. Nxg3
Qc1+ 66. Kh2 Qf4 67. Kg2 Qe5 68. Qh8+ Kg6 69. Qh5+ Kg7 70. Qg4 Qd5+ 71. Qe4
Qxe4+ 72. Nxe4 Kg6 73. Kf3 f5 74. Ng3 Kf6 75. Ne2 Ke5 76. Ke3 g4 77. h4 1-0

[Event "Turkish Cup 2016"]
[Site "Manavgat TUR"]
[Date "2016.01.30"]
[Round "1.38"]
[White "Isin, Recep"]
[Black "Kucuk, Dogan"]
[Result "0-1"]
[WhiteElo "1653"]
[BlackElo "2066"]
[WhiteTeam "SINOP"]
[BlackTeam "ANTALYA"]
[WhiteFideId "6357377"]
[BlackFideId "6312985"]
[EventDate "2016.01.30"]

1. e4 c6 2. d4 d5 3. e5 c5 4. c3 Nc6 5. Bb5 cxd4 6. cxd4 Bf5 7. Nf3 e6 8. O-O
Qb6 9. Bxc6+ bxc6 10. a3 Bg4 11. Nbd2 Ne7 12. h3 Bh5 13. g4 Bg6 14. Qb3 Qc7 15.
Qa4 h5 16. Kg2 Bd3 17. Rh1 Ng6 18. Nf1 Be4 19. Ng3 Nh4+ 20. Kf1 Bd3+ 21. Kg1
Nxf3+ 22. Kg2 hxg4 23. hxg4 Rxh1 24. Kxh1 Be7 25. Qb3 Be4 26. Nxe4 dxe4 27. Qc2
Nxd4 28. Qxe4 Nb3 29. Rb1 Qd7 30. Bf4 Qd5 31. Re1 Nc5 32. Qxd5 cxd5 33. Be3 Nd3
34. Re2 Nxe5 35. Bd4 Nxg4 36. Bxg7 Bf6 37. Bxf6 Nxf6 38. f3 Kd7 39. Kg1 Rc8 40.
Kf2 Kd6 41. Ke3 e5 42. Kd3 Rb8 43. b4 a5 44. Rb2 axb4 45. axb4 Nd7 46. Rb3 f5
47. Ke3 d4+ 0-1

[Event "Turkish Cup 2016"]
[Site "Manavgat TUR"]
[Date "2016.01.30"]
[Round "1.40"]
[White "Gunes, Adem"]
[Black "Afyoncu, Omer"]
[Result "0-1"]
[WhiteElo "1684"]
[BlackElo "2037"]
[WhiteTeam "ANKARA"]
[BlackTeam "ANKARA"]
[WhiteFideId "6351239"]
[BlackFideId "6305989"]
[EventDate "2016.01.30"]

1. e4 c5 2. Nf3 Nc6 3. b3 e6 4. Bb2 a6 5. Be2 Nge7 6. O-O d5 7. exd5 Nxd5 8. d4
cxd4 9. Nxd4 Bd7 10. c4 Nf4 11. Bf3 Qg5 12. Nxc6 bxc6 13. Nc3 f5 14. Na4 Rd8 15.
Qd4 c5 16. Nxc5 Bc8 17. Qe5 Bd6 18. Qxg7 Qxg7 19. Bxg7 Rg8 20. Bh6 Nxg2 21. Bxg2
Bxc5 22. Kh1 Kf7 23. Bf3 Rd3 24. Bh5+ Kf6 25. Rad1 Rh3 26. Bd2 Rxh5 27. Bc3+ Ke7
28. b4 Bd6 29. Bf6+ Kxf6 30. Rxd6 Bb7+ 31. f3 Rg3 32. c5 Bxf3+ 33. Rxf3 Rxf3 34.
Rxa6 Rf2 35. c6 Rc2 36. c7 Rxc7 0-1

[Event "Turkish Cup 2016"]
[Site "Manavgat TUR"]
[Date "2016.01.30"]
[Round "1.41"]
[White "Temizkan, Denizcan"]
[Black "Ulusal, Mehmet Haci"]
[Result "1-0"]
[WhiteTitle "FM"]
[WhiteElo "2002"]
[BlackElo "1658"]
[WhiteTeam "HATAY"]
[BlackTeam "ANTALYA"]
[WhiteFideId "6325157"]
[BlackFideId "6340253"]
[EventDate "2016.01.30"]

1. d4 d5 2. c4 e6 3. Nc3 Nf6 4. Bg5 Be7 5. Nf3 Nbd7 6. e3 c6 7. Bd3 O-O 8. O-O
b6 9. Rc1 Bb7 10. cxd5 cxd5 11. Qe2 a6 12. h3 Re8 13. Na4 b5 14. Nc5 Bxc5 15.
dxc5 Rc8 16. b4 e5 17. Bf5 Rc7 18. Qb2 e4 19. Bxd7 Qxd7 20. Nd4 Bc6 21. Rfd1 h6
22. Bf4 Rcc8 23. Qe2 Kh7 24. a4 Ra8 25. axb5 axb5 26. Ra1 Qb7 27. Nf5 Rxa1 28.
Rxa1 Ra8 29. Qb2 Ne8 30. Rxa8 Qxa8 31. Qe5 Qb7 32. Nd4 Qd7 33. Qb8 Qb7 34. Qxb7
Bxb7 35. Nxb5 f6 36. Na7 g5 37. Bb8 1-0

[Event "Turkish Cup 2016"]
[Site "Manavgat TUR"]
[Date "2016.01.30"]
[Round "1.43"]
[White "Koc, Ilkay"]
[Black "Gonen, Mutlu"]
[Result "1-0"]
[WhiteElo "2045"]
[BlackElo "1608"]
[WhiteTeam "BURSA"]
[BlackTeam "BALIKESIR"]
[WhiteFideId "6304486"]
[BlackFideId "34562079"]
[EventDate "2016.01.30"]

1. d4 d5 2. c4 c6 3. Nf3 Nf6 4. g3 Bf5 5. Nc3 e6 6. Bg2 Bd6 7. O-O O-O 8. b3
Nbd7 9. Bb2 Re8 10. cxd5 exd5 11. Rc1 Rc8 12. Nh4 Be6 13. Qd3 Nf8 14. Nf3 Qd7
15. Ne5 Bxe5 16. dxe5 Bf5 17. Qd4 Ng4 18. h3 Nh6 19. g4 Be6 20. f4 Bxg4 21. hxg4
Qxg4 22. Qf2 Nf5 23. Qf3 Qg6 24. e4 dxe4 25. Nxe4 Rcd8 26. Rcd1 h6 27. Kh2 Ne6
28. Rg1 Rxd1 29. Rxd1 Nh4 30. Qg3 Nxf4 31. Qxg6 Nhxg6 32. Nd6 Re7 33. Nf5 Re8
34. Rd7 Nxe5 35. Ne7+ Kf8 36. Bxe5 Ng6 37. Nxg6+ fxg6 38. Bxg7+ Kg8 39. Rxb7 Re2
40. Kg3 Rxa2 41. Bxc6 Rd2 42. Bb5 1-0

[Event "Turkish Cup 2016"]
[Site "Manavgat TUR"]
[Date "2016.01.30"]
[Round "1.44"]
[White "Dinc, Melih"]
[Black "Rzayev, Askar Aliakbar"]
[Result "0-1"]
[WhiteElo "1649"]
[BlackElo "2082"]
[WhiteTeam "BURSA"]
[BlackTeam "BURSA"]
[WhiteFideId "6354963"]
[BlackFideId "13405039"]
[EventDate "2016.01.30"]

1. e4 d5 2. exd5 Nf6 3. Bb5+ Bd7 4. Be2 Nxd5 5. d4 Bf5 6. c3 e6 7. Qb3 Qc8 8.
Bf3 c6 9. Ne2 Be7 10. Nd2 Nd7 11. Nc4 O-O 12. O-O Qc7 13. Ne3 Bg6 14. Nxd5 cxd5
15. Nf4 Bf5 16. Re1 Bd6 17. g3 Nb6 18. Ng2 h6 19. Ne3 Bg6 20. Bg2 Rab8 21. f4
Rfe8 22. Bd2 Nc4 23. Nxc4 dxc4 24. Qd1 b5 25. a3 a5 26. Qf3 Bd3 27. Re3 Red8 28.
b3 Bg6 29. b4 Ra8 30. Ree1 Ra6 31. Be3 Bd3 32. Bf2 Be7 33. Qh5 Qd7 34. d5 exd5
35. Bxd5 Qxd5 36. Qxd5 Rxd5 37. Rxe7 axb4 38. Re8+ Kh7 39. cxb4 c3 40. Rc8 Bc4
41. Be3 Re6 42. Kf2 Rd3 43. Re1 c2 44. a4 Rdxe3 0-1

[Event "Turkish Cup 2016"]
[Site "Manavgat TUR"]
[Date "2016.01.30"]
[Round "1.45"]
[White "Akdogan, Alperen"]
[Black "Yazar, Hakan"]
[Result "1-0"]
[WhiteElo "2114"]
[BlackElo "1698"]
[WhiteTeam "ISTANBUL"]
[BlackTeam "ANKARA"]
[WhiteFideId "6347363"]
[BlackFideId "6372627"]
[EventDate "2016.01.30"]

1. d4 d5 2. Nf3 Nf6 3. c4 e6 4. g3 Be7 5. Bg2 c6 6. Qc2 Nbd7 7. O-O O-O 8. Nbd2
b6 9. e4 dxe4 10. Nxe4 Bb7 11. Rd1 h6 12. Bf4 Nxe4 13. Qxe4 Rc8 14. Rac1 Nf6 15.
Qe2 Re8 16. Ne5 Bf8 17. Qf3 Qe7 18. b4 Qxb4 19. Bxh6 Re7 20. Bg5 Rec7 21. Bxf6
gxf6 22. Qxf6 Bg7 23. Qf4 Qd6 24. c5 Qe7 25. Nc4 bxc5 26. dxc5 Ba6 27. Nd6 Rf8
28. Qa4 Be2 29. Re1 Qg5 30. h4 Qh5 31. Qe4 Ba6 32. Bf3 Qh6 33. Qa4 Bd3 34. Be4
Bxe4 35. Qxe4 Qd2 36. Rc2 Qa5 37. Rb1 Qa6 38. g4 Re7 39. h5 Rd8 40. g5 f6 41. h6
Rdd7 42. Rb8+ Bf8 43. Qg6+ Rg7 44. Rxf8+ Kxf8 1-0

[Event "Turkish Cup 2016"]
[Site "Manavgat TUR"]
[Date "2016.01.30"]
[Round "1.46"]
[White "Yapici, Nazim"]
[Black "Sahin, Ozgun"]
[Result "0-1"]
[WhiteElo "1691"]
[BlackElo "2085"]
[WhiteTeam "ADANA"]
[BlackTeam "BURDUR"]
[WhiteFideId "6316050"]
[BlackFideId "6328121"]
[EventDate "2016.01.30"]

1. e4 c5 2. Nf3 Nc6 3. d4 cxd4 4. Nxd4 g6 5. Be3 Bg7 6. c3 Nf6 7. f3 O-O 8. Bc4
Ne5 9. Bb3 d5 10. Nd2 Nd3+ 11. Ke2 dxe4 12. Nxe4 Nxe4 13. Qxd3 Nc5 14. Qc2 e5
15. Nc6 Qd6 16. Nb4 Nxb3 17. axb3 Bf5 18. Qc1 e4 19. Ra5 exf3+ 20. gxf3 Rfe8 21.
Kf2 Qf6 22. h4 Bg4 23. f4 Qe6 24. Rg1 Bf6 25. Rg5 Bxg5 26. hxg5 Bh5 27. c4 Qe4
28. Rg3 Rad8 29. Qc2 Qxc2+ 30. Nxc2 Rd3 31. b4 Rb3 32. Ke1 Rd8 33. Rg2 Rd1+ 34.
Kf2 Rxb2 35. Kg3 Rd3 36. Kh4 Rxc2 37. Rxc2 Rxe3 38. b5 Bf3 39. Rd2 Kg7 40. Ra2
Be4 0-1

[Event "Turkish Cup 2016"]
[Site "Manavgat TUR"]
[Date "2016.01.30"]
[Round "1.47"]
[White "Esen, Nejdet"]
[Black "Onur, Cem"]
[Result "1-0"]
[WhiteElo "2058"]
[BlackElo "1655"]
[WhiteTeam "YALOVA"]
[BlackTeam "ISTANBUL"]
[WhiteFideId "6305644"]
[BlackFideId "6350097"]
[EventDate "2016.01.30"]

1. e4 c5 2. Nf3 e6 3. d4 cxd4 4. Nxd4 a6 5. Bd3 Nc6 6. Nxc6 bxc6 7. O-O d5 8.
Nd2 Nf6 9. Qe2 Be7 10. b3 O-O 11. Bb2 Qc7 12. Kh1 c5 13. e5 Nd7 14. f4 Rd8 15.
f5 exf5 16. Bxf5 Nf8 17. Bd3 Qc6 18. Qf3 Be6 19. c4 Rac8 20. Rad1 d4 21. Be4 Qc7
22. Rde1 Ng6 23. Qh5 Qa5 24. Nf3 Qxa2 25. Bc1 Nf8 26. Bg5 Bxg5 27. Nxg5 g6 28.
Qf3 Rc7 29. Bd5 Qc2 30. Nxf7 Bxd5 31. cxd5 1-0

[Event "Turkish Cup 2016"]
[Site "Manavgat TUR"]
[Date "2016.01.30"]
[Round "1.48"]
[White "Yavic, Adnan"]
[Black "Kilic, Efe Mert"]
[Result "0-1"]
[WhiteElo "1678"]
[BlackElo "1998"]
[WhiteTeam "VAN"]
[BlackTeam "KOCAELI"]
[WhiteFideId "6306020"]
[BlackFideId "6354327"]
[EventDate "2016.01.30"]

1. e4 e5 2. Nf3 d6 3. c3 Nf6 4. Be2 Nc6 5. d4 Bg4 6. Bg5 Be7 7. d5 Nb8 8. Nbd2
O-O 9. Bxf6 Bxf6 10. h3 Bc8 11. Nf1 g6 12. Ne3 Bg7 13. Qd2 f5 14. exf5 gxf5 15.
O-O-O Na6 16. g4 f4 17. Nf5 Bxf5 18. gxf5 Nc5 19. Rhg1 Rxf5 20. Rg4 Kh8 21. Rdg1
Bh6 22. Qc2 Rf7 23. b4 Nd7 24. Bd3 a5 25. Ng5 Bxg5 26. Rxg5 Nf6 27. Bf5 Qe7 28.
Be6 Rff8 29. Qf5 c6 30. bxa5 cxd5 31. Rg7 Qxg7 32. Rxg7 Kxg7 33. Qg5+ Kh8 34.
Qh6 Rae8 35. h4 e4 36. h5 e3 37. fxe3 f3 38. Bf5 f2 39. Bd3 Ne4 40. Bf1 Rf6 0-1